Poslední maškaráda /
Uložené v:
| Hlavný autor: | |
|---|---|
| Ďalší autori: | , |
| Médium: | Kniha |
| Jazyk: | Czech Russian |
| Vydané: |
Praha :
Svět sovětů,
1952.
|
| Vydanie: | 1. vyd. |
| Edícia: | Filmové příběhy
sv. 22 |
| ISBN: |
(brož.) |
| Fyzický popis: |
69 s. |
| Tagy: |
Pridať tag
Žiadne tagy, Buďte prvý kto otaguje tento záznam!
|
Titul je dostupný aj v ... 

MARC
| LEADER | 00000nam a22000004a 4500 | ||
|---|---|---|---|
| 001 | 000509727 | ||
| 005 | 20160618144739.0 | ||
| 008 | 160618s1952 xr e cze d | ||
| 020 | |a (brož.) |c Kčs 22,00 | ||
| 040 | |a SVKKK |b slo |c SVKKK |e AACR2 | ||
| 041 | 1 | |a cze |h rus | |
| 044 | |a xr |c CZ | ||
| 100 | 1 | |a Čiaureli, Miḫeil, |d 1894-1974 |4 aut | |
| 245 | 1 | 0 | |a Poslední maškaráda / |c Miḫeil Čiaureli ; Michal Štemr ; Rudolf Patera. |
| 250 | |a 1. vyd. | ||
| 260 | |a Praha : |b Svět sovětů, |c 1952. | ||
| 300 | |a 69 s. | ||
| 366 | |e 4000 výt. | ||
| 490 | 1 | |a Filmové příběhy |v sv. 22 | |
| 700 | 1 | |a Štemr, Michal |d 1907- |4 trl | |
| 700 | 1 | |a Patera, Rudolf, |d -1958 |4 trl | |
| 830 | 0 | |a Filmové příběhy |v sv. 22 | |
| 910 | |a svkkk | ||
| 998 | |a BK | ||
| 090 | |g SCKHL |k Sklad Pribinova 2. posch. |a III.31322 |j 70937 |i 2720369527 |s Prezenčne | ||